书目信息 |
| 题名: |
十钟山房印举
|
|
| 作者: | 陈介祺 编 | |
| 分册: | ||
| 出版信息: | 北京 北京市中国书店 |
|
| 页数: | 2册 | |
| 开本: | 26cm | |
| 丛书名: | ||
| 单 册: | ||
| 中图分类: | J292.4 | |
| 科图分类: | 48.215 | |
| 主题词: | 印谱--中国 | |
| 电子资源: | ||
| ISBN: | ||
| 000 | 00571nam0 2200217 45 | |
| 001 | 0197033474 | |
| 005 | 20061114083818.12 | |
| 010 | @dCNY36.00(全二册) | |
| 100 | @a19971014e19941985em y0chiy0121 ea | |
| 101 | 0 | @achi |
| 105 | @ay z 000yy | |
| 200 | 10 | @a十钟山房印举@Ashi zhong shan fang yin ju@f陈介祺编 |
| 210 | @a北京@c北京市中国书店 | |
| 210 | @a北京@c中国书店@d1985 | |
| 215 | @a2册@d26cm | |
| 606 | @a印谱@y中国 | |
| 690 | @aJ292.4@v3 | |
| 692 | @a48.215@v2 | |
| 701 | 0 | @a陈介祺@Achen jie qi@4编 |
| 801 | 0 | @aCN@bTSSF@c20061114 |
| 905 | @a10447@dJ292.4@e123:2 | |
| 十钟山房印举/陈介祺编.-北京:北京市中国书店.-北京:中国书店,1985 |
| 2册;26cm |
| ISBN :CNY36.00(全二册) |
| ● |
| 相关链接 |
|
|
|
|
正题名:十钟山房印举
索取号:J292.4/123:2
 
预约/预借
| 序号 | 登录号 | 条形码 | 馆藏地/架位号 | 状态 | 备注 |
| 1 | 0164358 | 000794812 | 第一样本阅览室/ [索取号:J292.4/123:2] | 在馆 |